On social order and mass society
সংরক্ষণ করুন:
| প্রধান লেখক: | |
|---|---|
| বিন্যাস: | গ্রন্থ |
| ভাষা: | ইংরেজি |
| প্রকাশিত: |
Chicago
The University of Chicago
1969
|
| মালা: | The Heritage of Sociology
|
| বিষয়গুলি: | |
| ট্যাগগুলো: |
ট্যাগ যুক্ত করুন
কোনো ট্যাগ নেই, প্রথমজন হিসাবে ট্যাগ করুন!
|
MARC
| LEADER | 00000nam a2200000 a 4500 | ||
|---|---|---|---|
| 001 | UCZ5417 | ||
| 003 | CL-VaPUC | ||
| 008 | 951117e19690000US |||||||||||||||||eng|d | ||
| 082 | 0 | 4 | |a 306 |b GEI |2 21 |
| 100 | |a Geiger, Theodor Julius |e author |9 349392 | ||
| 245 | 1 | 0 | |a On social order and mass society |
| 300 | |a 242 p | ||
| 942 | |c BK | ||
| 945 | |d 19951117 00:00:00 |a lriquelm | ||
| 260 | |a Chicago |b The University of Chicago |c 1969 | ||
| 650 | 0 | |a Sociedad |9 307903 | |
| 650 | 0 | |a Aplicación de la ley |9 338319 | |
| 650 | 7 | |a LEGISLACION |2 CL-VaPUC |9 349393 | |
| 650 | 0 | |a Ética |9 255099 | |
| 650 | 0 | |a Ideologías |9 255200 | |
| 650 | 0 | |a Estado |9 255503 | |
| 583 | |a last modification |c 19951117 00:00:00 |k Rodrigo Vera | ||
| 490 | 0 | |a The Heritage of Sociology | |
| 999 | |c 241735 |d 241733 | ||
| 952 | |0 0 |1 0 |4 0 |6 306_000000000000000_GEI_1969 |7 0 |8 P |9 254177 |a BIBEDU |b BIBEDU |c BIBEDU_PB |d 2019-11-19 |i 1575570 |o 306 GEI 1969 |p 1575570 |r 2024-01-25 |w 2019-11-19 |y BK |k FIL | ||